[Event "Finkenstein Open"]
[Site "?"]
[Date "2000.08.13"]
[Round "3.19"]
[White "Nikolic, Stanko"]
[Black "Melcher, Jakob"]
[Result "1-0"]
[WhiteElo "2115"]
[BlackElo "1781"]
[PlyCount "39"]

1. e4 c5 2. Nf3 Nc6 3. d4 cxd4 4. Nxd4 g6 5. Nc3 Bg7 6. Be3 Nf6 7. f4 O-O 8.
Qd2 a6 9. g4 d6 10. O-O-O Qa5 11. Nb3 Qc7 12. h4 Be6 13. h5 Nb4 14. Kb1 Bxb3
15. cxb3 Nd7 16. Rc1 Qa5 17. a3 Nc6 18. hxg6 fxg6 19. Bc4+ Kh8 20. Rxh7+ 1-0

[Event "Finkenstein Open"]
[Site "?"]
[Date "2000.08.13"]
[Round "3.20"]
[White "Sommerbauer, Adolf"]
[Black "Gallob, Alois"]
[Result "1/2-1/2"]
[WhiteElo "1765"]
[BlackElo "2045"]
[PlyCount "93"]

1. e4 c5 2. Nf3 e6 3. d4 cxd4 4. Nxd4 Nc6 5. Nc3 Qc7 6. Be3 a6 7. Qd2 Nf6 8. f3
Bb4 9. a3 Bd6 10. g3 Nh5 11. f4 Nxd4 12. Qxd4 e5 13. Qd1 Nf6 14. f5 b5 15. Bg2
Bb7 16. Qd3 Rc8 17. O-O Bc5 18. h3 O-O 19. Kh2 Bxe3 20. Qxe3 Rfd8 21. Rad1 d6
22. Rd2 Qc4 23. Rfd1 Ne8 24. Bf1 Qc7 25. h4 Qe7 26. Qe2 Nf6 27. Bg2 Rc4 28. g4
g6 29. Kh3 h5 30. g5 Ng4 31. f6 Qe6 32. Kg3 Rd4 33. Bh3 Rc8 34. Bxg4 hxg4 35.
Qxg4 Qc4 36. Rxd4 exd4 37. Nd5 Bxd5 38. exd5 Qxc2 39. Qxd4 Rc4 40. Qd3 Qxb2 41.
Qe3 Rc3 42. Rd3 Rxd3 43. Qxd3 Qe5+ 44. Kg4 Qh2 45. a4 Qg2+ 46. Kf4 Qh2+ 47. Kg4
1/2-1/2

[Event "Finkenstein Open"]
[Site "?"]
[Date "2000.08.13"]
[Round "3.21"]
[White "Spitzl, Robert"]
[Black "Juritsch, Harald"]
[Result "0-1"]
[WhiteElo "1739"]
[BlackElo "2036"]
[PlyCount "70"]

1. c4 d6 2. Nc3 g6 3. g3 Bg7 4. Bg2 Nf6 5. d4 O-O 6. Nf3 Nbd7 7. O-O c6 8. Re1
Nb6 9. b3 Qc7 10. Bb2 Rd8 11. Rc1 e5 12. d5 Qe7 13. e4 c5 14. Rc2 Nh5 15. Bc1
Rf8 16. h3 f5 17. Rce2 h6 18. Bd2 Kh7 19. Kh2 Bd7 20. Qc1 f4 21. g4 Nf6 22. g5
Nh5 23. gxh6 Bxh6 24. Rg1 g5 25. Ne1 g4 26. Bf3 gxf3 27. Nxf3 Rg8 28. Ree1 Nf6
29. Rxg8 Rxg8 30. Rg1 Ng4+ 31. hxg4 Bxg4 32. Qd1 Bxf3 33. Qxf3 Qh4+ 34. Qh3
Qxh3+ 35. Kxh3 Rxg1 0-1

[Event "Finkenstein Open"]
[Site "?"]
[Date "2000.08.14"]
[Round "4.1"]
[White "Fercec, Nenad"]
[Black "Neulinger, Manfred"]
[Result "1-0"]
[WhiteElo "2453"]
[BlackElo "2286"]
[PlyCount "73"]

1. e4 c6 2. d4 d5 3. Nd2 dxe4 4. Nxe4 Bf5 5. Ng3 Bg6 6. h4 h6 7. Nf3 Nf6 8. Ne5
Bh7 9. Bd3 Bxd3 10. Qxd3 e6 11. Bd2 Nbd7 12. f4 Be7 13. O-O-O O-O 14. Qf3 Qc7
15. Kb1 c5 16. Nxd7 Qxd7 17. dxc5 Bxc5 18. Bc3 Qe7 19. Rhe1 Rfd8 20. Bxf6 Qxf6
21. Ne4 Qe7 22. Nxc5 Qxc5 23. Qxb7 Qf2 24. Qf3 Qxh4 25. b3 Rxd1+ 26. Rxd1 Rd8
27. Rxd8+ Qxd8 28. Qe3 Qa5 29. Kb2 g5 30. fxg5 hxg5 31. c4 a6 32. c5 Qd8 33. c6
Kf8 34. Qc5+ Qe7 35. Qe5 f6 36. Qb8+ Kf7 37. c7 1-0

[Event "Finkenstein Open"]
[Site "?"]
[Date "2000.08.14"]
[Round "4.2"]
[White "Keller, Manfred"]
[Black "Horvath, Peter"]
[Result "1/2-1/2"]
[WhiteElo "2200"]
[BlackElo "2434"]
[PlyCount "21"]

1. e4 c5 2. Nf3 Nc6 3. Bb5 g6 4. O-O Bg7 5. c3 Nf6 6. d4 Nxe4 7. d5 Nd6 8. Na3
Na5 9. Re1 O-O 10. Bg5 Nxb5 11. Nxb5 1/2-1/2

[Event "Finkenstein Open"]
[Site "?"]
[Date "2000.08.14"]
[Round "4.3"]
[White "Hummel, Markus"]
[Black "Kiss, Attila"]
[Result "1-0"]
[WhiteElo "2174"]
[BlackElo "2338"]
[PlyCount "35"]

1. e4 d6 2. d4 Nf6 3. Nc3 Nbd7 4. f4 e5 5. Nf3 exd4 6. Qxd4 c6 7. Be3 d5 8.
exd5 Bc5 9. Qd3 Qe7 10. Nd4 Nb6 11. dxc6 bxc6 12. O-O-O Ba6 13. Qd2 Bxf1 14.
Nf5 Bxe3 15. Nxe3 Ba6 16. Nf5 Qc5 17. Rhe1+ Kf8 18. Qd8+ 1-0

[Event "Finkenstein Open"]
[Site "?"]
[Date "2000.08.14"]
[Round "4.4"]
[White "Fucak, Emilijo"]
[Black "Hicker, Harald"]
[Result "1/2-1/2"]
[WhiteElo "2334"]
[BlackElo "2145"]
[PlyCount "97"]

1. e4 e5 2. Nf3 Nc6 3. Bb5 a6 4. Ba4 Nf6 5. O-O b5 6. Bb3 Be7 7. Re1 d6 8. c3
Na5 9. Bc2 c5 10. a4 Bg4 11. h3 Bxf3 12. Qxf3 O-O 13. d3 Nc6 14. Nd2 b4 15. Nc4
bxc3 16. bxc3 Na5 17. Ne3 g6 18. Bd2 Rb8 19. Ra3 Rb2 20. Bc1 Rb7 21. Rd1 Qb8
22. Nf1 Rc8 23. Ra2 Kg7 24. Ba3 Qc7 25. Ne3 Rcb8 26. Qe2 Qc6 27. Re1 Nh5 28. g3
Bg5 29. Ng2 Nb3 30. Bxb3 Rxb3 31. Qc2 Qb6 32. g4 Nf4 33. Nxf4 Bxf4 34. Bb4 Bd2
35. Rea1 cxb4 36. Qxb3 Bxc3 37. Rb1 Qd4 38. Rd1 Rc8 39. Re2 Rc5 40. Re3 Ra5 41.
g5 Qa7 42. Rf3 Qd7 43. Kg2 Rxa4 44. Rxf7+ Qxf7 45. Qxa4 Qe7 46. h4 h6 47. gxh6+
Kxh6 48. Rh1 Qe6 49. f3 1/2-1/2

[Event "Finkenstein Open"]
[Site "?"]
[Date "2000.08.14"]
[Round "4.5"]
[White "Scholvin, Erich"]
[Black "Jeric, Simon"]
[Result "0-1"]
[WhiteElo "2039"]
[BlackElo "2333"]
[PlyCount "88"]

1. d4 Nf6 2. Nf3 b5 3. e3 b4 4. a3 e6 5. Bd2 c5 6. dxc5 bxa3 7. Nxa3 Bxc5 8. b4
Be7 9. Be2 O-O 10. O-O Ne4 11. Nb5 Nc6 12. c3 Bb7 13. Nbd4 Nxd4 14. exd4 d5 15.
Bd3 Qc7 16. Qb3 Bd6 17. Rfd1 Rfc8 18. Be1 Bc6 19. Qc2 f5 20. Qe2 Bb7 21. Rdc1
Qe7 22. Ne5 Rc7 23. f3 Nf6 24. Rc2 Nd7 25. Nxd7 Rxd7 26. Rca2 Bc8 27. b5 Bc7
28. g3 Bb6 29. Kf2 Rc7 30. Bd2 Qf6 31. Re1 Bd7 32. h4 Rac8 33. Ra3 h6 34. Qd1
Qf8 35. Qa1 Rb7 36. Bf4 Qf7 37. Be5 Be8 38. Rc1 Bd7 39. Qa2 Kh7 40. c4 Bxb5 41.
c5 Bxd3 42. Rxd3 Rc6 43. Qa4 Qd7 44. Rb1 Rxc5 0-1

[Event "Finkenstein Open"]
[Site "?"]
[Date "2000.08.14"]
[Round "4.6"]
[White "Basagic, Zlatko"]
[Black "Grom, Waldemar"]
[Result "1-0"]
[WhiteElo "2338"]
[BlackElo "1875"]
[PlyCount "47"]

1. e4 c5 2. Nf3 e6 3. d4 cxd4 4. Nxd4 a6 5. Bd3 Nf6 6. O-O Qc7 7. c4 Bd6 8. h3
b6 9. Nc3 Bc5 10. Nc2 Bb7 11. b4 Be7 12. b5 d6 13. Nd4 a5 14. Qe2 Nbd7 15. Na4
O-O 16. f4 Rfe8 17. Bb2 e5 18. fxe5 dxe5 19. Nf5 Kf8 20. Rac1 Rad8 21. Nc3 g6
22. Nd5 Bxd5 23. cxd5 Nc5 24. Ne3 {Rest unleserlich} 1-0

[Event "Finkenstein Open"]
[Site "?"]
[Date "2000.08.14"]
[Round "4.7"]
[White "Siegmund, Rainer"]
[Black "Kock, Hans-Uwe"]
[Result "1/2-1/2"]
[WhiteElo "2143"]
[BlackElo "2167"]
[PlyCount "46"]

1. d4 Nf6 2. c4 g6 3. Nc3 Bg7 4. e4 d6 5. Nf3 O-O 6. Be2 c6 7. O-O Nbd7 8. h3
e5 9. dxe5 dxe5 10. Be3 Qe7 11. Qc2 Ne8 12. Rab1 Nc7 13. b4 Ne6 14. Rfd1 f5 15.
c5 f4 16. Bc1 Nd4 17. Bc4+ Kh8 18. Qd3 Nxf3+ 19. Qxf3 Nf6 20. Qd3 Be6 21. Bxe6
Qxe6 22. f3 Rf7 23. Bb2 Rd7 1/2-1/2

[Event "Finkenstein Open"]
[Site "?"]
[Date "2000.08.14"]
[Round "4.8"]
[White "Sebenik, Matej"]
[Black "Polansek, Justin"]
[Result "1-0"]
[WhiteElo "2287"]
[BlackElo "1894"]
[PlyCount "75"]

1. d4 d5 2. c4 e6 3. Nc3 Nf6 4. Bg5 Be7 5. e3 O-O 6. Nf3 c6 7. Rc1 a6 8. Bd3
Nbd7 9. O-O h6 10. Bh4 Re8 11. Qc2 dxc4 12. Bxc4 Nd5 13. Bg3 N7b6 14. Bb3 Nxc3
15. Qxc3 Nd5 16. Qd3 g6 17. Ne5 Kg7 18. a3 f5 19. e4 Nf6 20. exf5 gxf5 21. Bf4
Ng8 22. Qg3+ Bg5 23. h4 Qxd4 24. hxg5 h5 25. Nxc6 Qd7 26. Rfd1 Qf7 27. Nd8 Qg6
28. Rc7+ Re7 29. Qc3+ Kh7 30. Be5 b5 31. Bf6 Ra7 32. Bxe7 Nxe7 33. Rxa7 Qxg5
34. Nf7 Qh4 35. Qh8+ Kg6 36. Ne5+ Kg5 37. Qg7+ Kf4 38. Rd4# 1-0

[Event "Finkenstein Open"]
[Site "?"]
[Date "2000.08.14"]
[Round "4.9"]
[White "Bumberger, Emmerich"]
[Black "Eichhorn, Alfred"]
[Result "1/2-1/2"]
[WhiteElo "1878"]
[BlackElo "2122"]
[PlyCount "85"]

1. d4 e6 2. e4 d5 3. exd5 exd5 4. Bd3 Nf6 5. Bg5 Be7 6. c3 h6 7. Bf4 O-O 8. Nf3
c5 9. Nbd2 Qb6 10. Qc1 Nc6 11. dxc5 Bxc5 12. O-O Nh5 13. Nb3 Bg4 14. Nxc5 Qxc5
15. Be3 Qe7 16. Nd4 Ne5 17. Qd2 Nxd3 18. Qxd3 Qe4 19. Qd2 Qg6 20. f4 Bf5 21.
Nxf5 Qxf5 22. Rad1 Nf6 23. Qd3 Qxd3 24. Rxd3 Rfe8 25. Rfd1 Re4 26. Bd4 Rxf4 27.
Bxf6 Rxf6 28. Rxd5 Re8 29. Rd8 Kf8 30. R1d7 Rb6 31. b3 Rxd8 32. Rxd8+ Ke7 33.
Rd4 Rc6 34. Rd3 Rd6 35. Re3+ Re6 36. Kf2 Kd6 37. h3 Rxe3 38. Kxe3 Ke5 39. a4 a5
40. Kf3 g6 41. Ke3 f6 42. Kf3 f5 43. h4 1/2-1/2

[Event "Finkenstein Open"]
[Site "?"]
[Date "2000.08.14"]
[Round "4.10"]
[White "Giessmann, Andreas"]
[Black "Reichenbacher, Gerhard"]
[Result "1-0"]
[WhiteElo "2072"]
[BlackElo "1893"]
[PlyCount "83"]

1. b3 Nf6 2. Nf3 g6 3. Bb2 Bg7 4. e3 O-O 5. Be2 c5 6. O-O Nc6 7. c4 b6 8. a3
Bb7 9. Qc2 e6 10. Rd1 Qe7 11. d4 d5 12. cxd5 Nxd5 13. dxc5 Bxb2 14. Qxb2 Qxc5
15. b4 Qe7 16. Nbd2 Qf6 17. Qxf6 Nxf6 18. Nb3 Rfd8 19. b5 Ne7 20. Ne5 Ne4 21.
Bf3 Bd5 22. Nd4 Rac8 23. Bxe4 Bxe4 24. Rdc1 Rc5 25. Ng4 Kg7 26. f3 Bd5 27. Rxc5
bxc5 28. Ne2 Bc4 29. Nc3 f6 30. e4 Rd3 31. Rc1 e5 32. Nf2 Rd4 33. Nfd1 Nc8 34.
Ne3 Nb6 35. a4 Be6 36. a5 Nc4 37. Nxc4 Bxc4 38. b6 axb6 39. axb6 Ba6 40. Nd5 c4
41. Nc7 Bb7 42. Ne6+ 1-0

[Event "Finkenstein Open"]
[Site "?"]
[Date "2000.08.14"]
[Round "4.11"]
[White "Androsch, Guenther"]
[Black "Nikolic, Stanko"]
[Result "1-0"]
[WhiteElo "1887"]
[BlackElo "2115"]
[PlyCount "71"]

1. e4 c5 2. Nf3 d6 3. Bc4 e6 4. O-O Nf6 5. Re1 a6 6. Bb3 b5 7. c3 Bb7 8. Bc2
Nbd7 9. d4 cxd4 10. cxd4 Qc7 11. Nbd2 Rc8 12. Bd3 Be7 13. Nf1 O-O 14. Ng3 Rfe8
15. Bd2 Qb8 16. Qe2 Nb6 17. b3 h6 18. h3 Bf8 19. Nh2 Nbd7 20. Ng4 Nxg4 21. hxg4
g6 22. Rad1 Bg7 23. Be3 e5 24. Qd2 Kh7 25. d5 Nc5 26. Bb1 Qc7 27. Kh2 Qd7 28.
f3 Qe7 29. Kg1 Qh4 30. Kf2 Qd8 31. Rh1 Kg8 32. Bxh6 Bxh6 33. Qxh6 Qf6 34. Nf5
Rcd8 35. Qh7+ Kf8 36. Qh8+ 1-0

[Event "Finkenstein Open"]
[Site "?"]
[Date "2000.08.14"]
[Round "4.12"]
[White "Bruns, Michael"]
[Black "Hutz, Gerhard"]
[Result "1-0"]
[WhiteElo "2107"]
[BlackElo "1890"]
[PlyCount "53"]

1. Nf3 c5 2. g3 d5 3. Bg2 Nc6 4. O-O e5 5. d3 f5 6. e4 d4 7. Nbd2 Nf6 8. Nc4
Bd6 9. exf5 O-O 10. Re1 Qc7 11. Nh4 b5 12. Nxd6 Qxd6 13. f4 exf4 14. Bxf4 Qd7
15. Re6 Bb7 16. Qe2 Rf7 17. Re1 c4 18. dxc4 bxc4 19. Qxc4 Na5 20. Qe2 Bxg2 21.
Qxg2 Rc8 22. Nf3 Qa4 23. b3 Qxa2 24. Nxd4 Rd7 25. Rd6 Qb2 26. Rxd7 Nxd7 27.
Qd5+ 1-0

[Event "Finkenstein Open"]
[Site "?"]
[Date "2000.08.14"]
[Round "4.13"]
[White "Vitouch, Anatol"]
[Black "Kummer, Heinz"]
[Result "0-1"]
[WhiteElo "2084"]
[BlackElo "1878"]
[PlyCount "96"]

1. Nf3 Nf6 2. c4 g6 3. Nc3 Bg7 4. g3 O-O 5. Bg2 c5 6. d4 cxd4 7. Nxd4 Nc6 8.
O-O h6 9. Nc2 d6 10. b3 Bd7 11. Bb2 Qc8 12. e4 Bh3 13. Rb1 Bxg2 14. Kxg2 Kh7
15. Ne3 b6 16. Ned5 Qb7 17. f3 Rad8 18. Nb5 Nxd5 19. cxd5 Ne5 20. f4 Nd7 21.
Bxg7 Kxg7 22. Nd4 Nf6 23. Nc6 Rc8 24. Qd4 Kg8 25. Rbc1 Nh5 26. Rf2 Ng7 27. Rfc2
Rce8 28. Nb4 Rc8 29. Rc6 a5 30. Nd3 b5 31. Qc3 Rxc6 32. Qxc6 Qb8 33. Qa6 a4 34.
b4 Nh5 35. Kf3 Nf6 36. Qc6 Qa7 37. Qc3 Nd7 38. Nb2 Nf6 39. h3 Qd7 40. Qc7 Qxh3
41. Qxe7 Kg7 42. e5 Qg4+ 43. Kf2 dxe5 44. fxe5 Nxd5 45. Qc5 Qf5+ 46. Kg2 Qxe5
47. Nd1 Qe2+ 48. Nf2 Ne3+ 0-1

[Event "Finkenstein Open"]
[Site "?"]
[Date "2000.08.14"]
[Round "4.14"]
[White "Smajkic, Serif"]
[Black "Lenic, Luka"]
[Result "1-0"]
[WhiteElo "1878"]
[BlackElo "2061"]
[PlyCount "77"]

1. d4 Nf6 2. c4 g6 3. Nc3 Bg7 4. e4 d6 5. Nf3 O-O 6. Be2 e5 7. O-O Nc6 8. d5
Ne7 9. Ne1 Nd7 10. Rb1 f5 11. b4 Nf6 12. f3 f4 13. c5 g5 14. g4 h5 15. h3 hxg4
16. fxg4 Ng6 17. Nf3 Nh7 18. Bd2 Bf6 19. Be1 Kg7 20. a4 Rh8 21. Rf2 Nhf8 22.
Rh2 Rh7 23. Bf2 b6 24. cxd6 cxd6 25. Bb5 Bd7 26. Bc6 Rc8 27. Nb5 Bxc6 28. dxc6
Rxc6 29. Nxa7 Rc4 30. Nb5 Be7 31. Qd5 Rc2 32. Ne1 Rxf2 33. Kxf2 f3 34. Nd3 Nf4
35. Nxf4 gxf4 36. Rd1 Bh4+ 37. Kxf3 Bg3 38. Nxd6 Qg5 39. Qf7+ 1-0

[Event "Finkenstein Open"]
[Site "?"]
[Date "2000.08.14"]
[Round "4.15"]
[White "Wagner, Stephan"]
[Black "Gaab, Wolfgang"]
[Result "1-0"]
[WhiteElo "2044"]
[BlackElo "1849"]
[PlyCount "120"]

1. d4 Nf6 2. c4 d6 3. Nc3 e5 4. d5 Nbd7 5. e4 Be7 6. Bd3 O-O 7. f3 Ne8 8. Be3
Bg5 9. Qd2 Bxe3 10. Qxe3 Nc5 11. Nge2 a5 12. g4 Bd7 13. h4 a4 14. Kf2 c6 15.
Kg2 Rb8 16. Rad1 Qa5 17. Rh2 Nc7 18. Kh1 cxd5 19. cxd5 b5 20. Ng3 a3 21. Nb1
axb2 22. Rxb2 b4 23. Nf5 Nxd3 24. Rxd3 Bxf5 25. gxf5 Rfc8 26. Rd1 Ne8 27. Rg1
Qd8 28. Rg4 Qc7 29. Rg1 Qe7 30. Qf2 Rb7 31. Nd2 Qf6 32. Nb3 Qh6 33. Na5 Rbc7
34. Nc6 Nf6 35. Rxb4 Nh5 36. Rgb1 Nf4 37. Rb8 Nd3 38. Qg2 Kf8 39. Qg5 Qxg5 40.
hxg5 Ke8 41. a4 Kd7 42. a5 Nc5 43. Kg2 Rxb8 44. Rxb8 Rc8 45. Rb1 Ra8 46. Kg3
Kc7 47. Kg4 f6 48. gxf6 gxf6 49. Kh5 Rg8 50. Kh6 Rg3 51. Rf1 Kb7 52. Kxh7 Ka6
53. Rb1 Na4 54. Rb4 Rxf3 55. Rxa4 Rb3 56. Kg6 Kb5 57. Rb4+ Rxb4 58. Nxb4 Kxa5
59. Nc6+ Kb5 60. Kxf6 Kc4 1-0

[Event "Finkenstein Open"]
[Site "?"]
[Date "2000.08.14"]
[Round "4.16"]
[White "Schlanitz, Egon"]
[Black "Kranabetter, Anton"]
[Result "1-0"]
[WhiteElo "2042"]
[BlackElo "1848"]
[PlyCount "27"]

1. d4 Nf6 2. Nf3 d5 3. g3 Bg4 4. Ne5 Bf5 5. Bg2 e6 6. c4 c6 7. Nc3 Bb4 8. O-O
Nbd7 9. Nxd7 Qxd7 10. cxd5 cxd5 11. Bd2 O-O 12. Qb3 Be7 13. Rfc1 Rfc8 14. a3 {
Rest fantasievoll} 1-0

[Event "Finkenstein Open"]
[Site "?"]
[Date "2000.08.14"]
[Round "4.17"]
[White "Juritsch, Harald"]
[Black "Osario, Wolfgang"]
[Result "1-0"]
[WhiteElo "2036"]
[BlackElo "1818"]
[PlyCount "59"]

1. c4 e6 2. Nc3 d5 3. cxd5 exd5 4. g3 c6 5. e3 Nf6 6. Nge2 Bd6 7. Bg2 Nbd7 8.
b3 Ne5 9. d4 Ng6 10. O-O O-O 11. Bb2 Re8 12. Qc2 Bg4 13. Rfe1 Qd7 14. e4 dxe4
15. Nxe4 Nd5 16. Nxd6 Qxd6 17. Qd2 Bf5 18. Nc3 Nf6 19. Rad1 Rad8 20. d5 Rxe1+
21. Qxe1 cxd5 22. Nxd5 Nxd5 23. Rxd5 Qc7 24. Rxf5 Qc2 25. Qc3 Rd1+ 26. Bf1
Rxf1+ 27. Kxf1 Qd1+ 28. Kg2 Nh4+ 29. gxh4 Qg4+ 30. Qg3 1-0

[Event "Finkenstein Open"]
[Site "?"]
[Date "2000.08.14"]
[Round "4.18"]
[White "Regatschnig, Horst"]
[Black "Piber, Vinko"]
[Result "1/2-1/2"]
[WhiteElo "1800"]
[BlackElo "2024"]
[PlyCount "117"]

1. d4 Nf6 2. Bg5 e6 3. e4 h6 4. Bxf6 Qxf6 5. e5 Qd8 6. c3 d6 7. Nf3 dxe5 8.
Nxe5 Bd6 9. Nf3 Nd7 10. Bd3 O-O 11. O-O b6 12. Nbd2 Nf6 13. Qc2 Bb7 14. Ne4 Nh5
15. Rfe1 Nf4 16. Bf1 g5 17. g3 Ng6 18. Bg2 Be7 19. Rad1 Kg7 20. Ne5 Nxe5 21.
dxe5 Qc8 22. Rd2 Bd5 23. a3 Qa6 24. Bf1 Qb7 25. Bg2 Qc6 26. Bf1 Rad8 27. Bd3
Bc4 28. Bxc4 Qxc4 29. Red1 Rxd2 30. Rxd2 Qb5 31. f4 Rd8 32. Rxd8 Bxd8 33. c4
Qd7 34. Qd2 Qxd2 35. Nxd2 Kg6 36. Kg2 f6 37. exf6 Bxf6 38. fxg5 hxg5 39. b3 Kf5
40. h3 e5 41. Kf3 Be7 42. a4 Bb4 43. Ne4 Be1 44. g4+ Kg6 45. Ke2 Bb4 46. Kd3
Be7 47. Nc3 c6 48. Ne4 Kf7 49. Ng3 Ke6 50. Ne4 a5 51. Ng3 Ba3 52. Ne4 Bc1 53.
Kc2 Bf4 54. Kd3 Kd7 55. Kc2 Kc7 56. Kd3 Kb7 57. Nc3 Kc8 58. Ne4 Kd7 59. Kc2
1/2-1/2

[Event "Finkenstein Open"]
[Site "?"]
[Date "2000.08.14"]
[Round "4.20"]
[White "Boskovic, Martin"]
[Black "Isola, Gernot"]
[Result "1-0"]
[WhiteElo "1968"]
[BlackElo "1797"]
[PlyCount "63"]

1. d4 Nf6 2. Nf3 e6 3. c4 b6 4. e3 Ba6 5. Bd3 d5 6. cxd5 Bxd3 7. Qxd3 Bb4+ 8.
Bd2 Bxd2+ 9. Nbxd2 Qxd5 10. e4 Qa5 11. O-O O-O 12. Rfc1 c6 13. Ne5 Rd8 14. Nxc6
Nxc6 15. Rxc6 Rd7 16. a3 Rad8 17. Rac1 Qg5 18. Nf3 Qf4 19. Re1 h5 20. g3 Qh6
21. d5 Qh7 22. Ne5 Rd6 23. Nxf7 Rxd5 24. Qf3 Rd3 25. Qf4 Kxf7 26. e5 R3d4 27.
Rc7+ Kg6 28. Qc1 Ng4 29. Qc6 Qg8 30. Re7 Qf8 31. Qxe6+ Kg5 32. h4# 1-0

[Event "Finkenstein Open"]
[Site "?"]
[Date "2000.08.14"]
[Round "4.23"]
[White "Legat, Albert"]
[Black "Nixdorf, Manuel"]
[Result "1/2-1/2"]
[WhiteElo "1913"]
[BlackElo "1333"]
[PlyCount "34"]

1. Nf3 Nf6 2. Nc3 d5 3. d4 Bf5 4. g3 Nbd7 5. Bg2 e6 6. Bg5 Be7 7. O-O O-O 8.
Nh4 Bg4 9. Nf3 h6 10. Bxf6 Nxf6 11. Ne5 Bf5 12. Nd3 c6 13. a3 a5 14. Na4 b5 15.
Nac5 Bxc5 16. Nxc5 Nd7 17. Nxd7 Qxd7 1/2-1/2

[Event "Finkenstein Open"]
[Site "?"]
[Date "2000.08.14"]
[Round "4.51"]
[White "Lepuschitz, Christine"]
[Black "Straubinger, Bernhard"]
[Result "1-0"]
[WhiteElo "1252"]
[BlackElo "1465"]
[PlyCount "29"]

1. e4 e5 2. Nf3 Nc6 3. Bc4 Bc5 4. d3 h6 5. O-O Nf6 6. Nc3 d6 7. h3 O-O 8. a3
Be6 9. Nd5 Ne7 10. Nxf6+ gxf6 11. Bxh6 Re8 12. Bxe6 fxe6 13. Nh4 Kf7 14. Qh5+
Kg8 15. Qg4+ 1-0

[Event "Finkenstein Open"]
[Site "?"]
[Date "2000.08.15"]
[Round "5.1"]
[White "Jeric, Simon"]
[Black "Fercec, Nenad"]
[Result "1/2-1/2"]
[WhiteElo "2333"]
[BlackElo "2458"]
[PlyCount "106"]

1. e4 c5 2. c3 Nf6 3. e5 Nd5 4. d4 cxd4 5. Nf3 e6 6. cxd4 b6 7. Nc3 Nxc3 8.
bxc3 Qc7 9. Bd2 Bb7 10. Bd3 d6 11. O-O Nd7 12. Re1 dxe5 13. Nxe5 Nxe5 14. Rxe5
Bd6 15. Rh5 g6 16. Rh3 O-O 17. a4 e5 18. Bh6 Rfe8 19. Bb5 Red8 20. Bg5 Be7 21.
Bxe7 Qxe7 22. Qe1 e4 23. f3 Rac8 24. fxe4 Qxe4 25. Qxe4 Bxe4 26. Ba6 Rc7 27. a5
Kg7 28. Re3 f5 29. axb6 axb6 30. Be2 Rdc8 31. Ra3 Bd5 32. g3 h5 33. Kf2 h4 34.
gxh4 f4 35. Re5 Bf7 36. Ra6 Rxc3 37. Rxb6 R8c7 38. h5 gxh5 39. Rg5+ Kf8 40. Rf6
Rc2 41. Rxf4 Re7 42. Re5 Rxe5 43. dxe5 Ke7 44. Re4 Bg6 45. Re3 h4 46. Kf1 Bf5
47. h3 Ke6 48. Bd1 Rh2 49. Bg4 Bxg4 50. hxg4 Ra2 51. Re4 Ra5 52. Kg2 Rxe5 53.
Rf4 Re3 1/2-1/2

[Event "Finkenstein Open"]
[Site "?"]
[Date "2000.08.15"]
[Round "5.2"]
[White "Horvath, Peter"]
[Black "Hummel, Markus"]
[Result "1/2-1/2"]
[WhiteElo "2434"]
[BlackElo "2191"]
[PlyCount "135"]

1. d4 Nf6 2. c4 e6 3. Nf3 d5 4. Nc3 Nbd7 5. cxd5 exd5 6. Bg5 c6 7. e3 Be7 8.
Qc2 O-O 9. Bd3 Re8 10. O-O Nf8 11. Rab1 Ne4 12. Bxe7 Qxe7 13. Bxe4 dxe4 14. Nd2
f5 15. b4 Be6 16. Rfc1 Rac8 17. Ne2 Nd7 18. Qa4 Nb6 19. Qa5 Qf7 20. Rb2 Bc4 21.
Ng3 Bd5 22. Rbc2 f4 23. exf4 Qxf4 24. Ndf1 Qf6 25. Qxa7 Qxd4 26. Nf5 Qf6 27.
Qxb6 Qxf5 28. Qxb7 Rb8 29. Qc7 Rxb4 30. Ne3 Qe6 31. h3 Ra4 32. Rd2 Rxa2 33.
Rxa2 Bxa2 34. Rxc6 Qe7 35. Qa5 Bf7 36. Qc3 Qe5 37. Qc1 h6 38. Rc7 Re7 39. Rc5
Qe6 40. Rc6 Qe5 41. Rc5 Qe6 42. Nf5 Rd7 43. Qb2 Bg6 44. Qe5 Qxe5 45. Rxe5 Bxf5
46. Rxf5 Rd1+ 47. Kh2 Rf1 48. g4 g6 49. Rf4 Kg7 50. Kg2 Re1 51. h4 e3 52. f3 g5
53. hxg5 hxg5 54. Rf5 Kg6 55. Re5 Kf6 56. Re4 Kf7 57. f4 gxf4 58. Rxf4+ Kg6 59.
Re4 Kg5 60. Kf3 Rf1+ 61. Kg3 Rg1+ 62. Kf3 Rf1+ 63. Kg3 Rg1+ 64. Kh3 e2 65. Rxe2
Rxg4 66. Re5+ Kf4 67. Re4+ Kxe4 68. Kxg4 1/2-1/2

[Event "Finkenstein Open"]
[Site "?"]
[Date "2000.08.15"]
[Round "5.3"]
[White "Hicker, Harald"]
[Black "Basagic, Zlatko"]
[Result "1/2-1/2"]
[WhiteElo "2145"]
[BlackElo "2338"]
[PlyCount "87"]

1. Nf3 g6 2. d4 Bg7 3. c4 d6 4. Nc3 Bg4 5. e3 e5 6. Be2 Nc6 7. d5 Nce7 8. e4 h6
9. O-O f5 10. Qa4+ Kf8 11. exf5 gxf5 12. h3 Bh5 13. Qd1 Bf7 14. Ne1 c5 15. Bh5
Nf6 16. Bxf7 Kxf7 17. f4 e4 18. Nc2 h5 19. Be3 h4 20. Qd2 Nh5 21. b4 b6 22.
bxc5 bxc5 23. Rab1 Ng3 24. Rfe1 Rb8 25. Ne2 Nh5 26. Bf2 Ng6 27. Rb3 Rxb3 28.
axb3 Bh6 29. Be3 Qb8 30. b4 cxb4 31. Nxb4 Ne7 32. Nc6 Qc7 33. Ned4 Nxc6 34.
Nxc6 Bg7 35. Bxa7 Ra8 36. Bd4 Bxd4+ 37. Nxd4 Ng3 38. Nb5 Qc5+ 39. Kh2 Kg6 40.
Qd4 Qb4 41. Rd1 Rc8 42. Qb6 Rxc4 43. Qb8 Rc2 44. Qg8+ 1/2-1/2

[Event "Finkenstein Open"]
[Site "?"]
[Date "2000.08.15"]
[Round "5.4"]
[White "Keller, Manfred"]
[Black "Fucak, Emilijo"]
[Result "1/2-1/2"]
[WhiteElo "2200"]
[BlackElo "2334"]
[PlyCount "32"]

1. e4 e6 2. d4 d5 3. Nc3 Be7 4. e5 b6 5. Nf3 Ba6 6. Bxa6 Nxa6 7. Ne2 Nb8 8. c3
c5 9. h4 Nc6 10. h5 cxd4 11. cxd4 Bb4+ 12. Kf1 h6 13. Rh3 b5 14. Rg3 Kf8 15.
Nf4 Rc8 16. Be3 a6 1/2-1/2

[Event "Finkenstein Open"]
[Site "?"]
[Date "2000.08.15"]
[Round "5.5"]
[White "Kiss, Attila"]
[Black "Schlanitz, Egon"]
[Result "1-0"]
[WhiteElo "2338"]
[BlackElo "2042"]
[PlyCount "137"]

1. d4 Nf6 2. c4 e6 3. g3 Bb4+ 4. Bd2 Qe7 5. Bg2 Nc6 6. Nf3 Bxd2+ 7. Nbxd2 d6 8.
O-O O-O 9. e4 e5 10. d5 Nb8 11. Ne1 Ne8 12. Nd3 Nd7 13. b4 a5 14. a3 b6 15. Qc2
g6 16. Qc3 f5 17. exf5 gxf5 18. Rfe1 Qg7 19. f3 axb4 20. axb4 Rxa1 21. Rxa1
Ndf6 22. Nf2 h5 23. f4 e4 24. Nf1 Ng4 25. Qxg7+ Kxg7 26. Nxg4 hxg4 27. Ne3 Kf6
28. h3 gxh3 29. Bxh3 Ke7 30. Nc2 Rh8 31. Kg2 Rg8 32. Nd4 Kf6 33. Ra7 Bd7 34.
Ra8 Rf8 35. Kf2 Ke7 36. Bf1 Ng7 37. Ra7 Ne8 38. Be2 Kf6 39. Bh5 Rh8 40. Be2 Ke7
41. Kg2 Rh6 42. Bd1 Rh8 43. Ba4 Bxa4 44. Rxa4 Ng7 45. Ra7 Rc8 46. Kf2 Kf6 47.
Ke3 Nh5 48. Nb5 Nxg3 49. Rxc7 Rxc7 50. Nxc7 Nh5 51. Na8 Ke7 52. Nxb6 Kd8 53.
Na4 Kc7 54. Nc3 Nf6 55. Nb5+ Kd7 56. Nd4 Ng4+ 57. Ke2 Nh6 58. Kf2 Ng4+ 59. Ke2
Nh6 60. Ne6 Ng4 61. Ng7 Nh6 62. Ke3 Kc7 63. Kd4 Kd7 64. Nh5 Ng4 65. Ng3 Nh6 66.
c5 dxc5+ 67. bxc5 Kc7 68. Ke5 Kd7 69. Kf6 1-0

[Event "Finkenstein Open"]
[Site "?"]
[Date "2000.08.15"]
[Round "5.6"]
[White "Juritsch, Harald"]
[Black "Sebenik, Matej"]
[Result "0-1"]
[WhiteElo "2036"]
[BlackElo "2287"]
[PlyCount "46"]

1. c4 b6 2. Nc3 Bb7 3. e3 e6 4. Nf3 f5 5. d4 Bb4 6. Bd2 Nf6 7. a3 Bxc3 8. Bxc3
Ne4 9. Ne5 O-O 10. h4 d6 11. Nf3 Nxc3 12. bxc3 Nd7 13. Ng5 Qe7 14. d5 Nc5 15.
Qh5 h6 16. Qg6 hxg5 17. hxg5 exd5 18. Qh5 Qe5 19. Rc1 f4 20. Be2 fxe3 21. fxe3
Ne4 22. Bg4 Qg3+ 23. Ke2 Rf2+ 0-1

[Event "Finkenstein Open"]
[Site "?"]
[Date "2000.08.15"]
[Round "5.7"]
[White "Neulinger, Manfred"]
[Black "Scholvin, Erich"]
[Result "1-0"]
[WhiteElo "2286"]
[BlackElo "2039"]
[PlyCount "77"]

1. e4 e6 2. d4 d5 3. Nc3 Nf6 4. e5 Nfd7 5. f4 c5 6. Nf3 Nc6 7. Be3 cxd4 8. Nxd4
Bc5 9. Qd2 O-O 10. O-O-O a6 11. h4 Nxd4 12. Bxd4 b5 13. h5 b4 14. Na4 Qa5 15.
b3 Bxd4 16. Qxd4 Bb7 17. f5 Qc7 18. Re1 Rac8 19. Bd3 Nc5 20. Nxc5 Qxc5 21. Qxc5
Rxc5 22. Rh4 exf5 23. Rxb4 Bc8 24. h6 g6 25. Rb6 a5 26. Kd2 Re8 27. a3 Kf8 28.
b4 axb4 29. axb4 Rc7 30. b5 Bb7 31. g3 Re6 32. Rxe6 fxe6 33. Ke3 g5 34. Kd4 Kf7
35. g4 Kg6 36. gxf5+ Kxh6 37. Rh1+ Kg7 38. f6+ Kg8 39. Rh5 1-0